000 00547nam a22001697a 4500
005 20251108165202.0
008 250721s1987 xx 000 0 ara d
082 1 4 _a956/إست
100 1 _aالموسوي، محسن جاسم
_eتحرير
245 1 0 _aالإستشراق /
264 1 _aبغداد :
_bدار الشؤون الثقافية العامة،
_c1987.
300 _aج
490 0 _aسلسلة كتب ثقافية عامة مقارنة
650 1 7 _aالإستشراق و المستشرقون
942 _2ddc
_cBK
999 _c21587
_d21587